00863 2200193 4500001002100000005001500021035002000036245025400056100002000310250002000330300005400350856002800404700014700432260003200579082001000611084001600621020001800637650001400655INLIS00000000114765720260305102349 a0010-03260001681 aBELAJAR KOSAKATA DAN KALIMAT DALAM 3 BAHASA :b(Indonesia, Inggris, dan Arab) /cPenulis; Mahmudah Mastur, Penyunting; Diba, Penyelaras Akhir; Seta, Ilustrator; Tim Ilustrator Noktah, Tata Sampul; Wulan Nugra, Tata Isi; Vitrya, Pracetak; Antini, dkk0 aMahmudah Mastur aCetakan Pertama a87 halaman :bIlustrasi ;c20,5 x 26,8 cmeKertas aPerpustakaan Keliling 10 aPenyunting; Diba, Penyelaras Akhir; Seta, Ilustrator; Tim Ilustrator Noktah, Tata Sampul; Wulan Nugra, Tata Isi; Vitrya, Pracetak; Antini, dkk aYogyakarta :bNoktah,c2020 a372.6 a372.6 MAH b a9786237465652 4aBuku Anak